<The> Turn of the Month Effect on CEE Stock Markets

Efekt obratu mesiaca, ako jedna z najznámejších anomálií kalendára. Ak je akciový trh ovplyvnený týmto efektom, zaznamenáva výrazne vyššie výnosy v relatívne krátkom časovom období okolo konca starého mesiaca a začiatku nového mesiaca, ako počas zvyšku mesiaca. Prítomnosť prelomu mesiaca na akciovýc...

ver descrição completa

Na minha lista:
Detalhes bibliográficos
Autor principal: Árendáš, Peter, 1986-
Outros Autores: Kotlebová, Jana, 1969-
Formato: Capítulo de Livro
Idioma:inglês
Assuntos:
Tags: Adicionar Tag
Sem tags, seja o primeiro a adicionar uma tag!

MARC

LEADER 00000naa a2200000 4500
001 0260892
005 20240502083746.2
041 0 |a eng 
044 |a CH 
245 1 0 |a <The> Turn of the Month Effect on CEE Stock Markets  |c Peter Árendáš, Jana Kotlebová 
520 |a Efekt obratu mesiaca, ako jedna z najznámejších anomálií kalendára. Ak je akciový trh ovplyvnený týmto efektom, zaznamenáva výrazne vyššie výnosy v relatívne krátkom časovom období okolo konca starého mesiaca a začiatku nového mesiaca, ako počas zvyšku mesiaca. Prítomnosť prelomu mesiaca na akciových trhoch 11 krajín strednej a východnej Európy. Anomálie výnosov, anomálie volatility cien. 
610 2 0 |a čas 
610 2 0 |a trh akciový 
610 2 0 |a Európa 
610 2 0 |a výnosy 
610 2 0 |a ceny 
610 2 0 |a volatilita 
610 2 0 |a obdobie prechodné 
100 1 |a Árendáš, Peter, 1986- 
700 1 |a Kotlebová, Jana, 1969-